Lignum colubrinum leviter delineatum : ex consensu ampliss. facult. med. in reg academia Upsaliensi /

Saved in:
Bibliographic Details
Other Authors: Darelli, Johan Anders af, 1718-1780, (Respondent)
Format: Book
Language:Latin
Published: Upsaliae : [s.n.], 1749
Subjects:
Tags: Add Tag
No Tags, Be the first to tag this record!
LEADER 01104cam a2200289Ia 4500
001 006802420-7
005 20060315154740.0
008 871224s1749 sw 000 0 lat d
010 |a agr26001385  
035 0 |a ocm17285548 
040 |a VXG  |e bdrb  |c VXG  |d MOA  |d BOH 
090 |a QK91  |b .L68 
100 1 |a Linné, Carl von,  |d 1707-1778,  |e praeses. 
245 1 0 |a Lignum colubrinum leviter delineatum :  |b ex consensu ampliss. facult. med. in reg academia Upsaliensi /  |c praeside viro celeberrimo et experientissimo Dn. Doct. Carolo Linnaeo ... ; pro gradu doctoris rite obtinendo, publico examini submittit stipendarius regius Johan. Andr. Darelius ... 
260 |a Upsaliae :  |b [s.n.],  |c 1749 
300 |a 22 p. ;  |c 20 cm. 
500 |a "Emendanda," p. 22. 
502 |a Thesis--Uppsala universitet, 1749. 
510 4 |a Soulsby  |c 1531 
510 4 |a Stafleu (2nd)  |c 4748 
510 4 |a Pritzel (2nd)  |c 5448 
510 4 |a Krok  |c 59 
650 0 |a Botany, Medical  |v Early works to 1800. 
700 1 |a Darelli, Johan Anders af,  |d 1718-1780,  |e respondent. 
752 |a Sweden  |d Uppsala. 
988 |a 20020608 
906 |0 OCLC